00649nam a2200169 a 450000100100000000500170001000800410002702000150006804000250008310000500010824500620015826000460022030000210026650000700028795201050035799900170046200003887820240305135410.0130501s1995 cl 000 0 spa d a9580210039 aDO-SdBNPbspacBNPHU1 aGarcía Márquez, Gabriel,b1928-20149180410aCómo se cuenta un cuento /cGabriel García Márquez. aSantafé de Bogotá :bVoluntad,c1995. a253 p. ;c22 cm. aIncluye datos biográficos del autor en la solapa de la cubierta 001050718MOaPDbPDcCTd2013-05-01iLF1l0o p38878-10r2020-06-25w2020-06-25y1ZNo se presta c38368d38368